00317nam a2200121Ia 4500003000400000008004100004040001600045082001600061100002000077245005300097260003500150300001000185GCL140319s9999 xx 000 0 eng d aGCL / cGCL04a576.15bM E1 aMITCHELL, RALPH10aENVIRONMENTAL MICROSOCIOLOGY / cMITCHELL, RALPH a[S.N] : bWILEY LISS ، c1992 a411 P